Ochranná známka podniku versus ochranná známka produktu
Analýza problematiky ohodnocovania a rozlišovania ochrannej známky podniku a ochrannej známky jeho jednotlivých produktov. Charakteristika a faktory pri ohodnocovaní ochranných známok. Modelový príklad.
Gespeichert in:
| 1. Verfasser: | |
|---|---|
| Format: | Buchkapitel |
| Sprache: | Slowakisch |
| Schlagworte: | |
| Tags: |
Keine Tags, Fügen Sie das erste Tag hinzu!
|
MARC
| LEADER | 00000naa$a2200000$$$4500 | ||
|---|---|---|---|
| 001 | 0130278 | ||
| 005 | 20240502072506.8 | ||
| 041 | 0 | |a slo | |
| 044 | |a SK | ||
| 245 | 1 | 0 | |a Ochranná známka podniku versus ochranná známka produktu |c Peter Kardoš |
| 520 | |a Analýza problematiky ohodnocovania a rozlišovania ochrannej známky podniku a ochrannej známky jeho jednotlivých produktov. Charakteristika a faktory pri ohodnocovaní ochranných známok. Modelový príklad. | ||
| 610 | 2 | 0 | |a podnik |
| 610 | 2 | 0 | |a produkty |
| 610 | 2 | 0 | |a známky ochranné |
| 610 | 2 | 0 | |a právo značkové |
| 610 | 2 | 0 | |a ochrana práv priemyselných |
| 610 | 2 | 0 | |a licencie patentové |
| 610 | 2 | 0 | |a zmluvy licenčné |
| 100 | 1 | |a Kardoš, Peter | |